[Event "Stay Safe Play From Home 245"]
[Site "Emanuel Lasker Arena"]
[Date "2020.06.22"]
[Round "9"]
[White "Lamborghini"]
[Black "SoulofWolf"]
[Result "0-1"]
[WhiteElo "2163"]
[BlackElo "2176"]
[Annotator "NA"]
[PlyCount "116"]
[EventDate "2020.06.22"]
[EventType "swiss (blitz)"]

1. e4 {[%emt 0:00:04]} d5 {[%emt 0:00:00]} 2. exd5 {[%emt 0:00:01]} Nf6 {[%emt 0:00:00]} 3. d4 {[%emt 0:00:01]} Nxd5 {[%emt 0:00:00]} 4. Nf3 {[%emt 0:00:00]} Nf6 {[%emt 0:00:00]} 5. g3 {[%emt 0:00:01]} Bg4 {[%emt 0:00:01]} 6. Bg2 {[%emt 0:00:00]} c6 {[%emt 0:00:01]} 7. O-O {[%emt 0:00:01]} Nbd7 {[%emt 0:00:00]} 8. h3 {[%emt 0:00:01]} Bh5 {[%emt 0:00:01]} 9. Re1 {[%emt 0:00:01]} e6 {[%emt 0:00:01]} 10. c4 {[%emt 0:00:01]} Bb4 {[%emt 0:00:01]} 11. Bd2 {[%emt 0:00:02]} Qa5 {[%emt 0:00:01]} 12. Nc3 {[%emt 0:00:01]} O-O {[%emt 0:00:01]} 13. a3 {[%emt 0:00:01]} Bxc3 {[%emt 0:00:01]} 14. Bxc3 {[%emt 0:00:00]} Qc7 {[%emt 0:00:01]} 15. Qb3 {[%emt 0:00:01]} Bxf3 {[%emt 0:00:03]} 16. Bxf3 {[%emt 0:00:02]} Nb6 {[%emt 0:00:00]} 17. a4 {[%emt 0:00:02]} Nbd7 {[%emt 0:00:03]} 18. Rac1 {[%emt 0:00:02]} Rfe8 {[%emt 0:00:02]} 19. Qa3 {[%emt 0:00:01]} Nf8 {[%emt 0:00:01]} 20. d5 {[%emt 0:00:03]} exd5 {[%emt 0:00:08]} 21. Bxf6 {[%emt 0:00:02]} gxf6 {[%emt 0:00:00]} 22. cxd5 {[%emt 0:00:01]} Rxe1+ {[%emt 0:00:03]} 23. Rxe1 {[%emt 0:00:00]} Ng6 {[%emt 0:00:05]} 24. dxc6 {[%emt 0:00:01]} bxc6 {[%emt 0:00:00]} 25. Qc5 {[%emt 0:00:01]} Rc8 {[%emt 0:00:01]} 26. h4 {[%emt 0:00:01]} Ne5 {[%emt 0:00:02]} 27. Bg2 {[%emt 0:00:01]} Kg7 {[%emt 0:00:02]} 28. Qc3 {[%emt 0:00:04]} Rd8 {[%emt 0:00:01]} 29. Re3 {[%emt 0:00:01]} Rd1+ {[%emt 0:00:02]} 30. Bf1 {[%emt 0:00:01]} Qd6 {[%emt 0:00:01]} 31. b4 {[%emt 0:00:02]} Qd5 {[%emt 0:00:01]} 32. b5 {[%emt 0:00:02]} c5 {[%emt 0:00:01]} 33. a5 {[%emt 0:00:01]} Rd4 {[%emt 0:00:02]} 34. b6 {[%emt 0:00:01]} axb6 {[%emt 0:00:00]} 35. axb6 {[%emt 0:00:01]} Nc6 {[%emt 0:00:00]} 36. Bg2 {[%emt 0:00:02]} Qd6 {[%emt 0:00:02]} 37. Bxc6 {[%emt 0:00:01]} Qxc6 {[%emt 0:00:00]} 38. Rd3 {[%emt 0:00:01]} Rxd3 {[%emt 0:00:01]} 39. Qxd3 {[%emt 0:00:01]} Qxb6 {[%emt 0:00:00]} 40. Qf3 {[%emt 0:00:00]} Qb1+ {[%emt 0:00:01]} 41. Kh2 {[%emt 0:00:00]} Qg6 {[%emt 0:00:01]} 42. Qe3 {[%emt 0:00:01]} Qf5 {[%emt 0:00:01]} 43. Qc3 {[%emt 0:00:01]} Qe5 {[%emt 0:00:01]} 44. Kg2 {[%emt 0:00:01]} Qxc3 {[%emt 0:00:01]} 45. Kh2 {[%emt 0:00:01]} Qd4 {[%emt 0:00:00]} 46. Kg2 {[%emt 0:00:01]} c4 {[%emt 0:00:00]} 47. f4 {[%emt 0:00:01]} c3 {[%emt 0:00:00]} 48. f5 {[%emt 0:00:00]} c2 {[%emt 0:00:00]} 49. Kh3 {[%emt 0:00:00]} Kf8 {[%emt 0:00:00]} 50. h5 {[%emt 0:00:00]} c1=Q {[%emt 0:00:00]} 51. h6 {[%emt 0:00:00]} Qc6 {[%emt 0:00:00]} 52. g4 {[%emt 0:00:01]} Qdd7 {[%emt 0:00:00]} 53. Kh4 {[%emt 0:00:00]} Ke8 {[%emt 0:00:00]} 54. g5 {[%emt 0:00:01]} Kf8 {[%emt 0:00:01]} 55. Kh5 {[%emt 0:00:00]} Kg8 {[%emt 0:00:00]} 56. g6 {[%emt 0:00:00]} fxg6+ {[%emt 0:00:00]} 57. fxg6 {[%emt 0:00:01]} hxg6+ {[%emt 0:00:00]} 58. Kxg6 {[%emt 0:00:00]} Qh7+ {[%emt 0:00:01] Zeit (Lag: Av=0.31s, max=0.9s)} 0-1

[Event "Stay Safe Play From Home 245"]
[Site "Emanuel Lasker Arena"]
[Date "2020.06.22"]
[Round "9"]
[White "Lazieri3"]
[Black "grazie"]
[Result "1-0"]
[WhiteElo "2147"]
[BlackElo "1795"]
[Annotator "NA"]
[PlyCount "139"]
[EventDate "2020.06.22"]
[EventType "swiss (blitz)"]

1. e4 {[%emt 0:00:02]} e6 {[%emt 0:00:00]} 2. Nc3 {[%emt 0:00:00]} d5 {[%emt 0:00:00]} 3. exd5 {[%emt 0:00:00]} exd5 {[%emt 0:00:00]} 4. d4 {[%emt 0:00:00]} c6 {[%emt 0:00:00]} 5. Nf3 {[%emt 0:00:00]} Nf6 {[%emt 0:00:00]} 6. Bf4 {[%emt 0:00:01]} Bd6 {[%emt 0:00:00]} 7. Bxd6 {[%emt 0:00:01]} Qxd6 {[%emt 0:00:00]} 8. Be2 {[%emt 0:00:00]} O-O {[%emt 0:00:00]} 9. O-O {[%emt 0:00:00]} Bg4 {[%emt 0:00:01]} 10. Ne5 {[%emt 0:00:01]} Bxe2 {[%emt 0:00:01]} 11. Nxe2 {[%emt 0:00:00]} Nbd7 {[%emt 0:00:01]} 12. Nxd7 {[%emt 0:00:00]} Qxd7 {[%emt 0:00:01]} 13. Ng3 {[%emt 0:00:00]} Rae8 {[%emt 0:00:02]} 14. Re1 {[%emt 0:00:00]} Rxe1+ {[%emt 0:00:02]} 15. Qxe1 {[%emt 0:00:00]} Re8 {[%emt 0:00:00]} 16. Qd2 {[%emt 0:00:00]} h6 {[%emt 0:00:00]} 17. c3 {[%emt 0:00:01]} Ne4 {[%emt 0:00:01]} 18. Nxe4 {[%emt 0:00:02]} Rxe4 {[%emt 0:00:02]} 19. f3 {[%emt 0:00:01]} Re6 {[%emt 0:00:01]} 20. Re1 {[%emt 0:00:01]} Qe7 {[%emt 0:00:01]} 21. Rxe6 {[%emt 0:00:01]} Qxe6 {[%emt 0:00:01]} 22. Kf2 {[%emt 0:00:01]} f5 {[%emt 0:00:01]} 23. Qe3 {[%emt 0:00:01]} Qxe3+ {[%emt 0:00:01]} 24. Kxe3 {[%emt 0:00:00]} g5 {[%emt 0:00:00]} 25. h4 {[%emt 0:00:02]} Kf7 {[%emt 0:00:01]} 26. hxg5 {[%emt 0:00:00]} hxg5 {[%emt 0:00:01]} 27. f4 {[%emt 0:00:01]} g4 {[%emt 0:00:01]} 28. Kf2 {[%emt 0:00:01]} Kg6 {[%emt 0:00:01]} 29. Kg3 {[%emt 0:00:01]} Kh5 {[%emt 0:00:01]} 30. b3 {[%emt 0:00:03]} b6 {[%emt 0:00:01]} 31. Kh2 {[%emt 0:00:05]} Kh4 {[%emt 0:00:01]} 32. g3+ {[%emt 0:00:01]} Kh5 {[%emt 0:00:01]} 33. Kg2 {[%emt 0:00:00]} Kg6 {[%emt 0:00:00]} 34. Kf2 {[%emt 0:00:00]} Kf6 {[%emt 0:00:00]} 35. Ke3 {[%emt 0:00:00]} Ke6 {[%emt 0:00:00]} 36. Kd3 {[%emt 0:00:00]} Kd6 {[%emt 0:00:00]} 37. c4 {[%emt 0:00:01]} dxc4+ {[%emt 0:00:02]} 38. Kxc4 {[%emt 0:00:00]} a5 {[%emt 0:00:02]} 39. a4 {[%emt 0:00:02]} Ke6 {[%emt 0:00:07]} 40. Kd3 {[%emt 0:00:11]} Kd5 {[%emt 0:00:01]} 41. Ke3 {[%emt 0:00:01]} b5 {[%emt 0:00:01]} 42. Kd3 {[%emt 0:00:02]} b4 {[%emt 0:00:05]} 43. Ke3 {[%emt 0:00:01]} c5 {[%emt 0:00:01]} 44. dxc5 {[%emt 0:00:00]} Kxc5 {[%emt 0:00:01]} 45. Kd3 {[%emt 0:00:00]} Kd5 {[%emt 0:00:00]} 46. Ke3 {[%emt 0:00:00]} Kc5 {[%emt 0:00:00]} 47. Kd3 {[%emt 0:00:00]} Kd5 {[%emt 0:00:00]} 48. Kd2 {[%emt 0:00:01]} Kd4 {[%emt 0:00:01]} 49. Kc2 {[%emt 0:00:01]} Ke3 {[%emt 0:00:01]} 50. Kc1 {[%emt 0:00:01]} Kf3 {[%emt 0:00:01]} 51. Kd2 {[%emt 0:00:00]} Kxg3 {[%emt 0:00:00]} 52. Kd3 {[%emt 0:00:01]} Kxf4 {[%emt 0:00:00]} 53. Kd4 {[%emt 0:00:00]} g3 {[%emt 0:00:00]} 54. Kc4 {[%emt 0:00:00]} g2 {[%emt 0:00:00]} 55. Kb5 {[%emt 0:00:00]} g1=Q {[%emt 0:00:00]} 56. Kxa5 {[%emt 0:00:00]} Qd4 {[%emt 0:00:02]} 57. Kb5 {[%emt 0:00:01]} Ke4 {[%emt 0:00:03]} 58. a5 {[%emt 0:00:00]} f4 {[%emt 0:00:00]} 59. a6 {[%emt 0:00:00]} f3 {[%emt 0:00:00]} 60. a7 {[%emt 0:00:00]} f2 {[%emt 0:00:00]} 61. a8=Q+ {[%emt 0:00:01]} Kd3 {[%emt 0:00:02]} 62. Qf3+ {[%emt 0:00:01]} Qe3 {[%emt 0:00:01]} 63. Qd5+ {[%emt 0:00:01]} Ke2 {[%emt 0:00:01]} 64. Qf5 {[%emt 0:00:00]} f1=Q {[%emt 0:00:01]} 65. Qg4+ {[%emt 0:00:00]} Ke1+ {[%emt 0:00:01]} 66. Qc4 {[%emt 0:00:00]} Qxc4+ {[%emt 0:00:02]} 67. bxc4 {[%emt 0:00:00]} Qe7 {[%emt 0:00:02]} 68. c5 {[%emt 0:00:01]} Qc7 {[%emt 0:00:00]} 69. Kxb4 {[%emt 0:00:01]} Kd2 {[%emt 0:00:01]} 70. Kc4 {[%emt 0:00:00] Zeit (Lag: Av=0.48s, max=1.1s)} 1-0

[Event "Stay Safe Play From Home 245"]
[Site "Emanuel Lasker Arena"]
[Date "2020.06.22"]
[Round "9"]
[White "Bishop91"]
[Black "Shyamph1980"]
[Result "1-0"]
[WhiteElo "1757"]
[BlackElo "1533"]
[Annotator "NA"]
[PlyCount "67"]
[EventDate "2020.06.22"]
[EventType "swiss (blitz)"]

1. e3 {[%emt 0:00:01]} e5 {[%emt 0:00:01]} 2. b3 {[%emt 0:00:00]} d5 {[%emt 0:00:01]} 3. Bb2 {[%emt 0:00:00]} Nd7 {[%emt 0:00:04]} 4. d4 {[%emt 0:00:00]} e4 {[%emt 0:00:01]} 5. Ne2 {[%emt 0:00:01]} Ngf6 {[%emt 0:00:01]} 6. Ng3 {[%emt 0:00:00]} Bd6 {[%emt 0:00:01]} 7. Be2 {[%emt 0:00:00]} O-O {[%emt 0:00:02]} 8. O-O {[%emt 0:00:01]} Nb6 {[%emt 0:00:01]} 9. c4 {[%emt 0:00:01]} c6 {[%emt 0:00:01]} 10. c5 {[%emt 0:00:02]} Bxg3 {[%emt 0:00:02]} 11. fxg3 {[%emt 0:00:01]} Nbd7 {[%emt 0:00:02]} 12. Nc3 {[%emt 0:00:01]} b6 {[%emt 0:00:01]} 13. b4 {[%emt 0:00:02]} b5 {[%emt 0:00:02]} 14. a4 {[%emt 0:00:01]} Re8 {[%emt 0:00:02]} 15. axb5 {[%emt 0:00:01]} cxb5 {[%emt 0:00:04]} 16. Nxb5 {[%emt 0:00:00]} Rb8 {[%emt 0:00:01]} 17. Nd6 {[%emt 0:00:01]} Re7 {[%emt 0:00:03]} 18. Bc3 {[%emt 0:00:01]} Qc7 {[%emt 0:00:04]} 19. b5 {[%emt 0:00:01]} Nxc5 {[%emt 0:00:03]} 20. dxc5 {[%emt 0:00:02]} Qxc5 {[%emt 0:00:01]} 21. Nxc8 {[%emt 0:00:00]} Qxc3 {[%emt 0:00:01]} 22. Nd6 {[%emt 0:00:02]} Rd7 {[%emt 0:00:02]} 23. Nf5 {[%emt 0:00:01]} Rdd8 {[%emt 0:00:02]} 24. Qd4 {[%emt 0:00:01]} Qxd4 {[%emt 0:00:01]} 25. Nxd4 {[%emt 0:00:00]} h6 {[%emt 0:00:03]} 26. Rfc1 {[%emt 0:00:00]} Rdc8 {[%emt 0:00:01]} 27. Rxc8+ {[%emt 0:00:03]} Rxc8 {[%emt 0:00:01]} 28. Rxa7 {[%emt 0:00:01]} Rb8 {[%emt 0:00:01]} 29. Rc7 {[%emt 0:00:03]} Ne8 {[%emt 0:00:02]} 30. Re7 {[%emt 0:00:02]} Nf6 {[%emt 0:00:02]} 31. b6 {[%emt 0:00:01]} Kf8 {[%emt 0:00:01]} 32. Rc7 {[%emt 0:00:02]} Ke8 {[%emt 0:00:01]} 33. b7 {[%emt 0:00:02]} Ng8 {[%emt 0:00:03]} 34. Rc8+ {[%emt 0:00:00] Time (Lag: Av=0.58s, max=1.2s)} 1-0

[Event "Stay Safe Play From Home 245"]
[Site "Emanuel Lasker Arena"]
[Date "2020.06.22"]
[Round "9"]
[White "Klasman"]
[Black "Trotsky"]
[Result "0-1"]
[WhiteElo "1221"]
[BlackElo "1570"]
[Annotator "NA"]
[PlyCount "48"]
[EventDate "2020.06.22"]
[EventType "swiss (blitz)"]

1. f4 {[%emt 0:00:02]} d5 {[%emt 0:00:01]} 2. Nf3 {[%emt 0:00:02]} e6 {[%emt 0:00:00]} 3. e3 {[%emt 0:00:01]} c5 {[%emt 0:00:01]} 4. d4 {[%emt 0:00:01]} Nc6 {[%emt 0:00:01]} 5. dxc5 {[%emt 0:00:02]} Bxc5 {[%emt 0:00:01]} 6. c3 {[%emt 0:00:01]} Nf6 {[%emt 0:00:01]} 7. Nd4 {[%emt 0:00:01]} a6 {[%emt 0:00:02]} 8. Bd3 {[%emt 0:00:02]} Qd7 {[%emt 0:00:00]} 9. Nd2 {[%emt 0:00:02]} Bd6 {[%emt 0:00:01]} 10. N2f3 {[%emt 0:00:01]} Qc7 {[%emt 0:00:01]} 11. Bd2 {[%emt 0:00:03]} Bd7 {[%emt 0:00:01]} 12. O-O {[%emt 0:00:01]} O-O-O {[%emt 0:00:01]} 13. b4 {[%emt 0:00:04]} h5 {[%emt 0:00:01]} 14. a4 {[%emt 0:00:01]} e5 {[%emt 0:00:01]} 15. fxe5 {[%emt 0:00:02]} Nxe5 {[%emt 0:00:01]} 16. Nxe5 {[%emt 0:00:02]} Bxe5 {[%emt 0:00:01]} 17. Nf3 {[%emt 0:00:01]} Ng4 {[%emt 0:00:02]} 18. Nxe5 {[%emt 0:00:02]} Qxe5 {[%emt 0:00:01]} 19. g3 {[%emt 0:00:02]} h4 {[%emt 0:00:02]} 20. e4 {[%emt 0:00:06]} hxg3 {[%emt 0:00:01]} 21. Bf4 {[%emt 0:00:02]} Qh5 {[%emt 0:00:01]} 22. Bxg3 {[%emt 0:00:03]} Nxh2 {[%emt 0:00:02]} 23. Rf2 {[%emt 0:00:03]} Ng4 {[%emt 0:00:02]} 24. exd5 {[%emt 0:00:02]} Qh1# {[%emt 0:00:01] (Lag: Av=0.31s, max=0.9s)} 0-1